01342cas a2200265 a 450000500170000000800410001702200250005804000580008304100080014104400080014924501070015724600080026426000690027230000280034135001170036965000500048665000550053665000570059171000470064871000390069577600900073478000900082478500780091478500840099220171124153735.0901126d19901995njuqr1p 0 a0eng d a1053-4180y0147-2496 aScUcScUdMHdNICdNSDPdMHdWaUdDLCdICUdCO-BoIAVH0 aeng axxu00aEnvironmental history review :bEHR : a publication of the American Society for Environmental History.10aEHR00aNewark, N.J. :bNew Jersey Institute of Technology,cc1990-1995. bilustraciones ;c23 cm. a$30.00 (institution)a$24.00 (individual)a$12.00 (student and retired)a$100.00 (contributor)a$300.00 (patron)26aEcología humanavPublicaciones periódicas26aProtección ambientalvPublicaciones periódicas26aMedio ambientexHistoriavPublicaciones periódicas2 aAmerican Society for Environmental History2 aNew Jersey Institute of Technology08iAlso issued online:tEnvironmental history revieww(DLC) 2007265274w(OCoLC)17529072400tER, Environmental reviewx0147-2496w(DLC) 78640718w(OCoLC)2739378w(ICU)BID=448619907tForest & conservation historyx1046-7009w(DLC) 90612572w(OCoLC)2049608607tEnvironmental historyx1084-5453w(DLC) 96651273w(OCoLC)33092825w(ICU)2468040